000 00657nam a2200241 i 4500
001 C2-0116993
003 PPAK
005 20180727110221.0
008 970723s1986 enk |||| ||||| | eng d
020 _a0713448806
040 _aPPAK
_beng
_cPPAK
_erda
082 0 4 _a306.8
_223
090 0 0 _a306.8
_bGOS
_dG
100 1 _aGostelow, Mary,
_eauthor
245 1 0 _aGetting married :
_ba guide to planning weddings
264 1 _aLondon :
_bBT Batsford Limited ,
_c1986
300 _a95 pages ;
_c20 cm
336 _2rdacontent
_atext
337 _2rdamedia
_aunmediated
338 _2rdacarrier
_avolume
650 1 0 _aMarriage counseling
942 _ddc
_cB
999 _c31076
_d31076